000 00946cam a2200289 4500
001 16813
003 BD-RjUL
005 20211209000043.0
008 140215t1970 enkach b 000 0 eng
020 _a0500550026
035 _a(BD-RjUL)16868
040 _aDLC
_cDLC
_dDLC
_dBD-RjUL
_beng
041 _aeng
082 0 0 _a709.4
_bTRP 1970
100 1 _aTrevor-Roper, H. R.
_q(Hugh Redwald),
_d1914-2003.
_951923
245 1 4 _aThe plunder of the arts in the seventeenth century /
_cby Hugh Trevor-Roper.
260 _aLondon :
_bThames & Hudson,
_cc1970.
300 _a64 p. :
_billus., facsims., ports. ;
_c22 cm.
350 _a£2.10
504 _aIncludes bibliographical references.
650 0 _aArt thefts
_xHistory
_y17th century.
_951925
650 0 _aArchaeological thefts
_xHistory
_y17th century.
_951926
942 _2ddc
_cBK
999 _c16813
_d16813